Návrh zásad agrárnej a výživovej politiky SR

Bibliographic Details
Format: Article
Language:Slovak
Subjects:

MARC

LEADER 00000nab a2200000 a 4500
001 vtls000425428
003 SK-MaSNL
005 20260303183556.0
008 120925c1991 xo 0 slo
015 |a SNBRB19rr/mm-uuuuu 
035 |a CL0425556 
040 |a SNKBUCL  |b slo  |c SNKBUCL  |e AACR2 
041 0 |a slo 
044 |a xo  |c SK 
080 |a 631+663/664:338.431  |2 1981 
080 |a 663/664  |2 1981 
080 |a 338.431  |2 1981 
245 0 0 |a Návrh zásad agrárnej a výživovej politiky SR 
650 0 7 |a poľnohospodárstvo  |2 snkbucl  |9 679 
650 0 7 |a potravinársky priemysel  |2 snkbucl  |9 974 
650 0 7 |a Návrh zásad agrárnej a výživovej politiky SR  |2 snkbucl  |9 1212840 
655 7 |a články z novín a časopisov  |2 snkbucl  |9 267496 
773 0 |t Roľnícke noviny  |g Roč. 46, č. 190 (16. 8. 1991), s. 4-5 
850 |a Slovenská národná knižnica v Martine  |a MTA001 
852 |a SNK  |b KIS3GCP 
958 |a RK 
992 |a RBX 
999 |c 2122000  |d 2123930